Gerontologic nursing / (Record no. 19221)
[ view plain ]
| 000 -LEADER | |
|---|---|
| fixed length control field | 00781cam a22002418a 4500 |
| 001 - CONTROL NUMBER | |
| control field | 18286170 |
| 005 - DATE AND TIME OF LATEST TRANSACTION | |
| control field | 20151027153833.0 |
| 008 - FIXED-LENGTH DATA ELEMENTS--GENERAL INFORMATION | |
| fixed length control field | 140828t2015 moua frb 001 0 eng d |
| 020 ## - INTERNATIONAL STANDARD BOOK NUMBER | |
| International Standard Book Number | 9780323266024 (pbk. : alk. paper) |
| 040 ## - CATALOGING SOURCE | |
| Original cataloging agency | DNLM/DLC |
| Transcribing agency | DLC |
| Modifying agency | EG-ScBUE |
| Language of cataloging | eng |
| 082 04 - DEWEY DECIMAL CLASSIFICATION NUMBER | |
| Classification number | 618.970231 |
| Edition number | 22 |
| Item number | MEI |
| 100 1# - MAIN ENTRY--PERSONAL NAME | |
| Personal name | Meiner, Sue. |
| 9 (RLIN) | 37726 |
| 245 10 - TITLE STATEMENT | |
| Title | Gerontologic nursing / |
| Statement of responsibility, etc | Sue E. Meiner. |
| 250 ## - EDITION STATEMENT | |
| Edition statement | 5th ed. |
| 260 ## - PUBLICATION, DISTRIBUTION, ETC. (IMPRINT) | |
| Place of publication, distribution, etc | Missouri : |
| Name of publisher, distributor, etc | Elsevier / Mosby, |
| Date of publication, distribution, etc | c.2015. |
| 300 ## - PHYSICAL DESCRIPTION | |
| Extent | xxiii, 680 p. : |
| Dimensions | ill. ; |
| Other physical details | 28 cm. |
| 500 ## - GENERAL NOTE | |
| General note | Index : p. 659-680. |
| 504 ## - BIBLIOGRAPHY, ETC. NOTE | |
| Bibliography, etc | Includes bibliographical references. |
| 650 #7 - SUBJECT ADDED ENTRY--TOPICAL TERM | |
| Topical term or geographic name as entry element | Geriatric nursing. |
| Source of heading or term | BUEsh |
| 9 (RLIN) | 28906 |
| 650 #7 - SUBJECT ADDED ENTRY--TOPICAL TERM | |
| Topical term or geographic name as entry element | Terminal care. |
| Source of heading or term | BUEsh |
| 9 (RLIN) | 27291 |
| 653 ## - INDEX TERM--UNCONTROLLED | |
| Resource For college | Nursing |
| Arrived date list | April2015 |
| -- | June2015 |
| -- | October2015 |
| 942 ## - ADDED ENTRY ELEMENTS (KOHA) | |
| Source of classification or shelving scheme | Dewey Decimal Classification |
| Call number prefix | 618.970231 MEI |
| Withdrawn status | Item status | Source of classification or shelving scheme | Damaged status | Not for loan | Vendor | Home library | Current library | Shelving location | Date acquired | Source of acquisition | Cost, normal purchase price | Serial Enumeration / chronology | Total Checkouts | Full call number | Barcode | Date last seen | Cost, replacement price | Koha item type |
|---|---|---|---|---|---|---|---|---|---|---|---|---|---|---|---|---|---|---|
| Dewey Decimal Classification | ايمك | Central Library | Central Library | First floor | 27/04/2015 | Purchase | 590.00 | 2446 | 618.970231 MEI | 000038076 | 15/07/2025 | 737.50 | Book - Borrowing | |||||
| Dewey Decimal Classification | ايمك | Central Library | Central Library | First floor | 27/04/2015 | Purchase | 590.00 | 2446 | 618.970231 MEI | 000038077 | 15/07/2025 | 737.50 | Book - Borrowing | |||||
| Dewey Decimal Classification | Alahram | Central Library | Central Library | First floor | 16/06/2015 | Purchase | 609.00 | 324 | 618.970231 MEI | 000038580 | 15/07/2025 | 761.25 | Book - Borrowing | |||||
| Dewey Decimal Classification | Alahram | Central Library | Central Library | First floor | 16/06/2015 | Purchase | 609.00 | 324 | 618.970231 MEI | 000038581 | 15/07/2025 | 761.25 | Book - Borrowing |